00587nam a22001817 450000100100000000500170001000800410002701000160006804000230008405000110010710000580011824500290017626000270020530000110023291000340024395201110027799900170038800001413720200929163505.0910117s1942 bl 000 0 por  altf91000466 aDO-SdBNPcDLCdDLC00a4F 2821 aCavalcanti, Avelino Pessoa. [from old catalog]93197300aPaginas de americanismo. aRio de Janeiro,c1942. a229 p. aCatalogación por copia / LC 001052708MOaGRbGRcCTd2009-12-04iLF1l0o p14137-10r2020-06-25w2020-06-25y2ZPréstamo interno c13739d13739